000 00277nam a22001217a 4500
008 180316b xxu||||| |||| 00| 0 eng d
041 _aeng
080 _a78
100 _a45
101 _amuz
245 _aannals of the metropolitan opera
_cfitzgerald.g
942 _2udc
_cBK
999 _c45266
_d45266